Electrical Motors and Genrators / (Record no. 183732)

000 -LEADER
fixed length control field 00894 a2200157 4500
003 - CONTROL NUMBER IDENTIFIER
control field Nust
005 - DATE AND TIME OF LATEST TRANSACTION
control field 20230316121427.0
040 ## - CATALOGING SOURCE
Transcribing agency Nust
082 ## - DEWEY DECIMAL CLASSIFICATION NUMBER
Classification number 621.46,ELE
245 ## - TITLE STATEMENT
Title Electrical Motors and Genrators /
260 ## - PUBLICATION, DISTRIBUTION, ETC.
Place of publication, distribution, etc. New Jersey
Name of publisher, distributor, etc. Odhams Press
Date of publication, distribution, etc. 1958
300 ## - PHYSICAL DESCRIPTION
Extent 381p
505 ## - FORMATTED CONTENTS NOTE
Formatted contents note How Motors and Generators are Used (Page-5), General Principles of Design (Page-28), Design of Magnetic Circuits (Page-37), Armature and Rotor Construction (Page-57), Commentators Slip Rings (Page-78), Field and Armature Windings (Page-96), Casing Design and Ventilation (Page-123), DC Generators (Page-146), DC Motors (Page-210), Starters and Doped Control (Page-231), Primary Power for Generators (Page-253), Installation of Motors and Generators (Page-271), Testing (Page-292), Commutation (Page-323), Maintenance (Page-336).
650 ## - SUBJECT ADDED ENTRY--TOPICAL TERM
Topical term or geographic name entry element Electrical motors and genrators
9 (RLIN) 110409
942 ## - ADDED ENTRY ELEMENTS (KOHA)
Source of classification or shelving scheme
Koha item type Book
Holdings
Withdrawn status Lost status Source of classification or shelving scheme Damaged status Not for loan Permanent Location Current Location Shelving location Date acquired Full call number Barcode Date last seen Price effective from Koha item type Public note
          Military College of Signals (MCS) Military College of Signals (MCS) General Stacks 12/12/2016 621.46,ELE MCS5307 12/08/2016 12/12/2016 Book Almirah No.74, Shelf No.5
© 2023 Central Library, National University of Sciences and Technology. All Rights Reserved.